Dios no duerme / (Record no. 51050)

MARC details
000 -LEADER
campo de control de longitud fija 00843nam a2200265 i 4500
001 - NÚMERO DE CONTROL
campo de control 51050
003 - IDENTIFICADOR DE NÚMERO DE CONTROL
campo de control ES-MaACL
005 - FECHA Y HORA DE LA ÚLTIMA TRANSACCIÓN
campo de control 20240324063003.0
007 - CAMPO FIJO DE DESCRIPCIÓN FÍSICA--INFORMACIÓN GENERAL
campo de control de longitud fija t|
008 - DATOS DE LONGITUD FIJA--INFORMACIÓN GENERAL
campo de control de longitud fija 030808s1956 sp ||||1| spa d
040 ## - FUENTE DE CATALOGACIÓN
Centro/agencia transcriptor ES-MaACL
080 ## - NÚMERO DE LA CLASIFICACIÓN DECIMAL UNIVERSAL
Número de la Clasificación Decimal Universal 84-311.2"19"
100 1# - ENTRADA PRINCIPAL--NOMBRE DE PERSONA
Nombre de persona Chantal, Suzanne,
Fechas asociadas al nombre 1908-1994
Término indicativo de función/relación Autor
9 (RLIN) 37982
245 10 - MENCIÓN DEL TÍTULO
Título Dios no duerme /
Mención de responsabilidad, etc. Suzanne Chantal ; [traducción de José A. de Larrinaga y Gorostiza].
250 ## - MENCION DE EDICION
Mención de edición 1ª ed.
260 ## - PUBLICACIÓN, DISTRIBUCIÓN, ETC.
Lugar de publicación, distribución, etc. Barcelona :
Nombre del editor, distribuidor, etc. José Janés,
Fecha de publicación, distribución, etc. 1956
300 ## - DESCRIPCIÓN FÍSICA
Extensión 325 páginas ;
Dimensiones 17 cm.
490 1# - MENCIÓN DE SERIE
Mención de serie Club de los lectores ;
Designación de volumen o secuencia 42
700 1# - ENTRADA AGREGADA--NOMBRE PERSONAL
Nombre de persona Larrinaga y Gorostiza, José A. de
Término indicativo de función/relación Traductor
9 (RLIN) 70255
830 0# - PUNTO DE ACCESO ADICIONAL DE SERIE-TÍTULO UNIFORME
Título uniforme Club de los lectores ;
9 (RLIN) 181243
Designación de volumen o secuencia 42
852 ## - LOCALIZACIÓN
Ubicación ES-MaACL
Sublocalización o colección R.39002
Ubicación en estantería Sala Palomar
Número de control de estantería C-10768
942 ## - ELEMENTOS DE ENTRADA SECUNDARIOS (KOHA)
Tipo de ítem Koha Libro impreso
Suprimir en OPAC No
Holdings
Estatus retirado Estado de pérdida Fuente del sistema de clasificación o colocación Estado de daño No para préstamo Biblioteca de origen Biblioteca actual Ubicación en estantería Fecha de adquisición Total de préstamos Signatura topográfica completa Código de barras Visto por última vez Tipo de ítem Koha
    Clasificación decimal universal     Biblioteca del Ateneo de Madrid Biblioteca del Ateneo de Madrid Sala Palomar 17/01/2008   C-10768 1053684 23/02/2023 Libro impreso